000 03220cam a22004094a 4500
999 _c28281
_d28252
001 13887772
003 EG-ScBUE
005 20200308125526.0
008 050303r20062005caua f b 001 0 eng d
020 _a0120884070
020 _a9788131200506
020 _a8131200507
040 _aDLC
_beng
_erda
_cDLC
_dDLC
_dEG-ScBUE
082 0 4 _a006.312
_bWIT
_222
100 1 _aWitten, I. H.
_q(Ian H.)
_eauthor.
245 1 0 _aData mining :
_bpractical machine learning tools and techniques /
_cIan H. Witten, Department of Computer Science, University of Waikato, Eibe Frank, Department of Computer Science, University of Waikato.
250 _aSecond edition.
250 _aReprinted edition.
264 1 _aSan Francisco, CA :
_bMorgan Kaufman Publishers,
_c2006.
300 _axxxi, 525 pages :
_billustrations ;
_c24 cm.
336 _2rdacontent
_atext
_btxt
337 _2rdamedia
_aunmediated
_bn
338 _2rdacarrier
_avolume
_bnc
490 0 _aMorgan Kaufmann series in data management systems
504 _aIncludes bibliographical references and index.
520 _aAs with any burgeoning technology that enjoys commercial attention, the use of data mining is surrounded by a great deal of hype. Exaggerated reports tell of secrets that can be uncovered by setting algorithms loose on oceans of data. But there is no magic in machine learning, no hidden power, no alchemy. Instead there is an identifiable body of practical techniques that can extract useful information from raw data. This book describes these techniques and shows how they work. The book is a major revision of the first edition that appeared in 1999. While the basic core remains the same, it has been updated to reflect the changes that have taken place over five years, and now has nearly double the references. The highlights for the new edition include thirty new technique sections; an enhanced Weka machine learning workbench, which now features an interactive interface; comprehensiv inforation on neural networks; a new section on Bayesian networks; plus much more. Offering a thorough grounding in machine learning concepts as well as practical advice on applying the tools and techniques, inside you'll find: Algorithmic methods at the heart of successful data mining -- including tried and true techniques as well as leading edge methods; Performance improvement techniques that work by transforming the input or output; Downloadable Weka, a collection of machine learning algorithms for data mining tasks, including tools for data pre-processing, classification, regression, clustering, association rules, and visualization
650 7 _aData mining.
_2BUEsh
653 _bCOMSCI
_cMarch2020
655 _vReading book
_934232
700 1 _aFrank, Eibe,
_eauthor.
856 4 2 _3Publisher description
_uhttp://www.loc.gov/catdir/enhancements/fy0624/2005043385-d.html
856 4 1 _3Table of contents only
_uhttp://www.loc.gov/catdir/enhancements/fy0624/2005043385-t.html
906 _a7
_bcbc
_corignew
_d1
_eocip
_f20
_gy-gencatlg
942 _2ddc
_cBB